000 00579nam a2200157 a 4500
008 120416s1974 ||||||||||||||||| || u
050 _aHD 9715.G72 Hil
100 _aHillebrandt, Patricia M
245 1 0 _aEconomic theory and the construction industry
260 _aNew York
_bMacmillan
_c1974
300 _ax, 233p. : ill.
350 _a0.00
650 _aCONSTRUCTION INDUSTRY--ECONOMIC ASPECTS
650 _aCONSTRUCTION
995 _D0.00
_FCBU-MAIN LIBRARY (Kitwe)
_H1
_I7.00
_M1
_UDAMAGED
_ZMain Library Open Access Collection
999 _c40929
_d40929